Les droits latents des actionnaires sur les réserves dans les sociétés anonymes

Guardat en:
Dades bibliogràfiques
Autor principal: Bermond de Vaulx, Jean-Marie de (Autor)
Format: Llibre
Idioma:francès
Publicat: París Sirey 1965
Col·lecció:Bibliothèque de Droit Commercial, 10
Matèries:
Etiquetes: Afegir etiqueta
Sense etiquetes, Sigues el primer a etiquetar aquest registre!

MARC

LEADER 00000nam a2200000 a 4500
001 UCS2048
003 CL-VaPUC
008 970516e19650000FR |||||||||||||||||fre|d
082 0 4 |a 346.066  |b BER  |2 21 
100 0 |a Bermond de Vaulx, Jean-Marie de  |e author  |9 387063 
245 1 4 |a Les droits latents des actionnaires sur les réserves dans les sociétés anonymes 
300 |a 144 p 
942 |c BK 
945 |d 19970516 00:00:00  |a paguirre 
260 |a París  |b Sirey  |c 1965 
650 0 |a Derecho comercial   |9 256340 
650 0 |a Comercio  |9 255341 
650 0 |a Acciones  |9 334173 
650 0 |a Sociedades  |9 259052 
650 0 |a Sociedades comerciales   |9 257290 
650 0 |a Sociedades anónimas  |9 255387 
650 0 |a Obligaciones   |9 255578 
650 0 |a Capital   |9 263726 
651 0 |a Francia  |9 255157 
583 |a last modification  |c 19970516 00:00:00  |k Rodrigo Vera 
490 0 |a Bibliothèque de Droit Commercial, 10 
999 |c 260046  |d 260044 
952 |0 0  |1 0  |4 0  |6 346_066000000000000_BER_1965  |7 0  |8 A  |9 285621  |a BIBDER  |b BIBDER  |d 2019-11-19  |i 1855719  |o 346.066 BER 1965  |p 1855719  |r 2023-01-25  |w 2019-11-19  |y BK  |k DER